Cincuenta sombras de la cultura masiva: desafíos para la crítica cultural feminista /
Zapisane w:
| 1. autor: | |
|---|---|
| Kolejni autorzy: | |
| Format: | Książka |
| Język: | Spanish |
| Etykiety: |
Dodaj etykietę
Nie ma etykietki, Dołącz pierwszą etykiete!
|
MARC
| LEADER | 00000nam a22000007a 4500 | ||
|---|---|---|---|
| 003 | cru CIDCACS/IIS | ||
| 005 | 20170719150138.0 | ||
| 007 | ta | ||
| 008 | 170719s2016 ag ||||| |||| 00| 0 spa d | ||
| 999 | |c 19457 |d 19457 | ||
| 040 | |c cru CIDCACS/IIS | ||
| 100 | 1 | |9 4998 |a Justo Von Lurzer, Carolina | |
| 245 | 1 | |a Cincuenta sombras de la cultura masiva: |b desafíos para la crítica cultural feminista / |c Carolina Justo von Lurzer, Carolina Spataro | |
| 300 | |a páginas 117-131 | ||
| 700 | 1 | |9 4999 |a Spataro, Carolina | |
| 773 | 0 | |0 19022 |9 1034 |a Fundación Friedrich Ebert |d Fundación Friedrich Ebert; Nueva Sociedad |o 19050 |t Nueva Sociedad / | |
| 942 | |2 ddc |c PP | ||
